Guess the Song from Lyrics - Taylor Swift - Statistics

General Stats
  • This quiz has been taken 26 times
  • The average score is 19 of 28
Answer Stats
Hint Answer % Correct
"She took him faster than you can say sabotage" Better Than Revenge
100%
"Put the money in the bag and stole the keys" Getaway Car
100%
"I'd be just like Leo in Saint-Tropez" The Man
100%
"Carve your name into my bedpost" Dress
95%
"Well, maybe we got lost in translation" All Too Well
90%
"And at every table, I'll save you a seat" Lover
90%
"You're not my homeland anymore" exile
90%
"Your new girl is my clone" Is It Over Now?
90%
"He says baby is something wrong" Our Song
85%
"We declared Charlie Puth should be a bigger artist" The Tortured Poets Department
85%
"After the storm something was born on the 4th of July" End Game
75%
"How much sad did you think I had" So Long, London
75%
"Now I'm begging for footnotes in the story of your life" tolerate it
70%
"But what would you do if I went to touch you now" I Can See You
65%
"And I'll be 87 you'll be 89" Mary's Song (Oh My My My)
65%
"My heart won't start anymore for you" You're Losing Me
65%
"You lift my feet off the ground; you spin me around" Crazier
60%
"The alter is my hips" False God
60%
"A drug that only worked the first few hundred times" illicit affairs
60%
"Scratches down your back now" So It Goes...
60%
"Sometimes in the middle of the night I can feel you again" Better Man
55%
"All the drama queens taking swings" Call It What You Want
55%
"No more keepin' score now I just keep you warm" long story short
55%
"My hands shake, I'm not usually this way" Fearless
50%
"Small talk, big love, act like I dont care what you did" imgonnagetyouback
35%
"Lost I was born, lonesome I came" Carolina
30%
"I see you around in all these empty faces" I Don't Wanna Live Forever
25%
"I can't live without you, I can't live without you baby" Highway Don't Care
20%
No matching quizzes found
Score Distribution
Percent of People with Each Score
Percentile by Number Answered
Your Score History
You have not taken this quiz